Every Suburb in Greater Sydney - Statistics

General Stats
  • This quiz has been taken 666 times
  • The average score is 199 of 840
Answers on the Map
Answers color-coded by a green-red scale on the quiz's map according to % correct below.
 
Answer Stats
Suburb % Correct
Sydney
66%
Penrith
58%
Katoomba
57%
Campbelltown
55%
Parramatta
55%
Cronulla
53%
Bondi
52%
Bondi Beach
52%
Richmond
52%
Manly
51%
Bankstown
48%
Blacktown
48%
Burwood
48%
Chatswood
48%
Bell
47%
Hornsby
47%
Ryde
47%
Lithgow
46%
Mascot
46%
Redfern
46%
Strathfield
46%
Sutherland
46%
Liverpool
45%
Mosman
45%
Newtown
45%
Camden
44%
Castle Hill
44%
North Ryde
44%
North Sydney
44%
Auburn
42%
Bondi Junction
42%
Homebush
42%
Kurnell
42%
Palm Beach
42%
West Ryde
42%
Botany
41%
Canterbury
41%
Emu Plains
41%
Hurstville
41%
Kellyville
41%
Mount Druitt
41%
Ashfield
40%
Berowra
40%
Croydon
40%
Granville
40%
Kogarah
40%
Lidcombe
40%
Macquarie Park
40%
Rose Bay
40%
Rouse Hill
40%
Westmead
40%
Windsor
40%
Balmain
39%
Baulkham Hills
39%
Cabramatta
39%
Dee Why
39%
Dural
39%
Heathcote
39%
Marrickville
39%
Seven Hills
39%
St Marys
39%
Alexandria
38%
Annandale
38%
Artarmon
38%
Blaxland
38%
Caringbah
38%
Coogee
38%
Eastwood
38%
Engadine
38%
Epping
38%
Fairfield
38%
Harris Park
38%
Leichhardt
38%
Maroubra
38%
Northmead
38%
Padstow
38%
Petersham
38%
Rockdale
38%
Surry Hills
38%
Vaucluse
38%
Watsons Bay
38%
Dulwich Hill
37%
Gordon
37%
Picton
37%
Randwick
37%
Waterfall
37%
Arncliffe
36%
Brighton-Le-Sands
36%
Drummoyne
36%
Erskineville
36%
Five Dock
36%
Hunters Hill
36%
Punchbowl
36%
Revesby
36%
Rhodes
36%
Rooty Hill
36%
Royal National Park
36%
Bella Vista
35%
Bexley
35%
Bexley North
35%
Concord
35%
Cremorne
35%
Double Bay
35%
Glebe
35%
Gymea
35%
Holsworthy
35%
Jannali
35%
Kingsgrove
35%
Lakemba
35%
Lane Cove
35%
Leura
35%
Lewisham
35%
Macquarie Fields
35%
Merrylands
35%
Milsons Point
35%
Minto
35%
Miranda
35%
Narrabeen
35%
North Parramatta
35%
Paddington
35%
Panania
35%
Pennant Hills
35%
Pymble
35%
Springwood
35%
St Ives
35%
Summer Hill
35%
Sydenham
35%
Tempe
35%
Turramurra
35%
Wahroonga
35%
Willoughby
35%
Wollstonecraft
35%
Zetland
35%
Abbotsford
34%
Allawah
34%
Banksia
34%
Campsie
34%
Carlingford
34%
East Ryde
34%
Killara
34%
Kingsford
34%
Leppington
34%
Mona Vale
34%
Mortdale
34%
Mount Colah
34%
Oatley
34%
St Leonards
34%
The Rocks
34%
Toongabbie
34%
Ultimo
34%
Barangaroo
33%
Beecroft
33%
Belmore
33%
Canley Vale
33%
Clyde
33%
Como
33%
Concord West
33%
Crows Nest
33%
Darlinghurst
33%
East Hills
33%
Gladesville
33%
Guildford
33%
Haymarket
33%
Kirrawee
33%
Kirribilli
33%
La Perouse
33%
Menai
33%
Mount Kuring-Gai
33%
North Strathfield
33%
Penshurst
33%
Potts Point
33%
Pyrmont
33%
Riverstone
33%
Rozelle
33%
Rydal
33%
Sans Souci
33%
Schofields
33%
St Peters
33%
Sydney Olympic Park
33%
Sylvania
33%
Villawood
33%
Wentworthville
33%
Curl Curl
32%
Earlwood
32%
Lindfield
32%
Matraville
32%
Miller
32%
North Bondi
32%
Norwest
32%
Rosehill
32%
Roseville
32%
Stanmore
32%
Thornleigh
32%
Wolli Creek
32%
Woolooware
32%
Asquith
31%
Beverly Hills
31%
Blackheath
31%
Brooklyn
31%
Carlton
31%
Cherrybrook
31%
Collaroy
31%
Denistone
31%
Dundas
31%
Edgecliff
31%
Freshwater
31%
Glenbrook
31%
Greenacre
31%
Hornsby Heights
31%
Kensington
31%
Leumeah
31%
Loftus
31%
Manly Vale
31%
Moore Park
31%
Narellan
31%
Neutral Bay
31%
Normanhurst
31%
Padstow Heights
31%
Pendle Hill
31%
Quakers Hill
31%
Riverwood
31%
Sefton
31%
Silverwater
31%
Sylvania Waters
31%
Waitara
31%
Waverley
31%
Yagoona
31%
Yennora
31%
Avalon Beach
30%
Bardwell Park
30%
Bronte
30%
Casula
30%
Doonside
30%
Greenwich
30%
Hurlstone Park
30%
Kings Langley
30%
Kingswood
30%
Meadowbank
30%
Point Piper
30%
St Clair
30%
Turrella
30%
Warragamba
30%
Waterloo
30%
Whale Beach
30%
Camperdown
29%
Canada Bay
29%
Caringbah South
29%
Castle Cove
29%
Enmore
29%
Gymea Bay
29%
Little Bay
29%
Malabar
29%
Narwee
29%
Peakhurst
29%
Tamarama
29%
The Ponds
29%
Warriewood
29%
Waverton
29%
West Pennant Hills
29%
Woolloomooloo
29%
Woolwich
29%
Woronora
29%
Appin
28%
Balgowlah
28%
Barden Ridge
28%
Bellevue Hill
28%
Brookvale
28%
Burwood Heights
28%
Cabarita
28%
Castlecrag
28%
Chippendale
28%
Eastern Creek
28%
Eastlakes
28%
Emu Heights
28%
Fairfield Heights
28%
Fairfield West
28%
Frenchs Forest
28%
Haberfield
28%
Ingleburn
28%
Kyeemagh
28%
Lavender Bay
28%
Lilyfield
28%
Millers Point
28%
Newington
28%
Newport
28%
Northbridge
28%
North Curl Curl
28%
North Epping
28%
North Manly
28%
Old Toongabbie
28%
Pagewood
28%
Pemulwuy
28%
Putney
28%
Ramsgate
28%
Revesby Heights
28%
Rookwood
28%
Roselands
28%
Rydalmere
28%
Smithfield
28%
Taren Point
28%
Terrey Hills
28%
Vineyard
28%
Warrawee
28%
Wentworth Falls
28%
Werrington
28%
Wiley Park
28%
Wisemans Ferry
28%
Woollahra
28%
Belrose
27%
Berowra Heights
27%
Cheltenham
27%
Chipping Norton
27%
Clovelly
27%
Dawes Point
27%
Eastgardens
27%
Illawong
27%
Jamisontown
27%
Longueville
27%
Lucas Heights
27%
Marsden Park
27%
Mount Annan
27%
North Richmond
27%
North Rocks
27%
Picnic Point
27%
Regents Park
27%
Riverview
27%
South Penrith
27%
St Ives Chase
27%
Telopea
27%
Wentworth Point
27%
Winston Hills
27%
Alfords Point
26%
Allambie Heights
26%
Ashbury
26%
Balgowlah Heights
26%
Balmain East
26%
Bangor
26%
Bardwell Valley
26%
Birchgrove
26%
Blakehurst
26%
Bundeena
26%
Chatswood West
26%
Chifley
26%
Clarendon
26%
Collaroy Plateau
26%
Colo
26%
Condell Park
26%
Cowan
26%
Cremorne Point
26%
Croydon Park
26%
Darling Point
26%
Denistone East
26%
Dolls Point
26%
Dover Heights
26%
Dundas Valley
26%
Edmondson Park
26%
Elizabeth Bay
26%
Enfield
26%
Ermington
26%
Erskine Park
26%
Fairlight
26%
Forest Lodge
26%
Glenmore
26%
Glenwood
26%
Grays Point
26%
Greystanes
26%
Homebush West
26%
Kellyville Ridge
26%
Kogarah Bay
26%
Lane Cove North
26%
Lane Cove West
26%
Lapstone
26%
Lawson
26%
Lugarno
26%
Marayong
26%
Marsfield
26%
Minchinbury
26%
Monterey
26%
Moorebank
26%
Mount Victoria
26%
North Kellyville
26%
North Narrabeen
26%
North Turramurra
26%
Old Guildford
26%
Oran Park
26%
Queenscliff
26%
Queens Park
26%
Ramsgate Beach
26%
Rushcutters Bay
26%
Sandringham
26%
South Granville
26%
Warwick Farm
26%
Wattle Grove
26%
West Pymble
26%
Wetherill Park
26%
Woronora Heights
26%
Yowie Bay
26%
Badgerys Creek
25%
Berala
25%
Bonnyrigg
25%
Centennial Park
25%
Chiswick
25%
Darlington
25%
Denistone West
25%
East Lindfield
25%
Forestville
25%
Glenhaven
25%
Oyster Bay
25%
Parklea
25%
Rosebery
25%
Seaforth
25%
South Coogee
25%
Bayview
24%
Beaumont Hills
24%
Birrong
24%
Breakfast Point
24%
Burraneer
24%
Cabramatta West
24%
Camden Park
24%
Cammeray
24%
Carramar
24%
Chester Hill
24%
Chullora
24%
Cobbitty
24%
Constitution Hill
24%
Cranebrook
24%
Cromer
24%
Davidson
24%
Georges Hall
24%
Girraween
24%
Glenfield
24%
Glenmore Park
24%
Glenorie
24%
Hazelbrook
24%
Holroyd
24%
Huntleys Cove
24%
Huntleys Point
24%
Hurstville Grove
24%
Kangaroo Point
24%
Kearns
24%
Kurrajong
24%
Lilli Pilli
24%
McMahons Point
24%
Merrylands West
24%
Middle Cove
24%
Milperra
24%
North Willoughby
24%
Peakhurst Heights
24%
Plumpton
24%
Port Botany
24%
Prospect
24%
Roseville Chase
24%
South Hurstville
24%
South Turramurra
24%
South Wentworthville
24%
Strathfield South
24%
Tahmoor
24%
Tallawong
24%
Werrington County
24%
Westleigh
24%
Austral
23%
Bass Hill
23%
Beaconsfield
23%
Blue Mountains National Park
23%
Box Hill
23%
Cambridge Park
23%
Camden South
23%
Camellia
23%
Canley Heights
23%
Carss Park
23%
Glendenning
23%
Hillsdale
23%
Ingleside
23%
Killarney Heights
23%
Kyle Bay
23%
Lalor Park
23%
Liberty Grove
23%
Llandilo
23%
Lurnea
23%
Menangle
23%
Mortlake
23%
Mulgoa
23%
Mulgrave
23%
Naremburn
23%
Narraweena
23%
North Wahroonga
23%
Oxford Falls
23%
Port Hacking
23%
Scotland Island
23%
Yarrawarrah
23%
Abbotsbury
22%
Airds
22%
Beacon Hill
22%
Bilgola Plateau
22%
Bilpin
22%
Bonnyrigg Heights
22%
Cecil Hills
22%
Daceyville
22%
Dolans Bay
22%
Duffys Forest
22%
East Killara
22%
Elanora Heights
22%
Eveleigh
22%
Galston
22%
Greenhills Beach
22%
Hoxton Park
22%
Kareela
22%
Ku-ring-gai Chase
22%
Lansvale
22%
Leonay
22%
Linley Point
22%
Mays Hill
22%
Medlow Bath
22%
North Balgowlah
22%
North St Marys
22%
Oberon
22%
Pitt Town
22%
Prestons
22%
Raby
22%
Rodd Point
22%
Russell Lea
22%
Stanhope Gardens
22%
Tennyson
22%
Wallacia
22%
Wheeler Heights
22%
Willoughby East
22%
Annangrove
21%
Ashcroft
21%
Church Point
21%
Green Valley
21%
Henley
21%
Kurraba Point
21%
Maroota
21%
Oatlands
21%
Phillip Bay
21%
Clontarf
20%
Gregory Hills
20%
Guildford West
20%
Jordan Springs
20%
Kenthurst
20%
Luddenham
20%
Melrose Park
20%
Mount Pritchard
20%
Mount Riverview
20%
Northwood
20%
Oakhurst
20%
South Maroota
20%
Thirlmere
20%
Whalan
20%
Acacia Gardens
19%
Bargo
19%
Bilgola Beach
19%
Clareville
19%
Connells Point
19%
Fairfield East
19%
Faulconbridge
19%
Linden
19%
Macquarie Links
19%
Orchard Hills
19%
Regentville
19%
Ropes Crossing
19%
Sackville
19%
Sandy Point
19%
South Windsor
19%
St Albans
19%
Tennyson Point
19%
Wareemba
19%
Warrimoo
19%
West Hoxton
19%
Wilberforce
19%
Arndell Park
18%
Bidwill
18%
Bullaburra
18%
Denham Court
18%
Edensor Park
18%
Hartley
18%
Hassall Grove
18%
Horsley Park
18%
Rosemeadow
18%
Shalvey
18%
Woodford
18%
Ambarvale
17%
Arcadia
17%
Belfield
17%
Berowra Waters
17%
Beverley Park
17%
Bonnet Bay
17%
Bossley Park
17%
Bungarribee
17%
Ebenezer
17%
Elizabeth Hills
17%
Jenolan
17%
Kings Park
17%
Kurrajong Heights
17%
Little Hartley
17%
Middle Dural
17%
Mooney Mooney
17%
Mount Wilson
17%
Narellan Vale
17%
Pleasure Point
17%
Ruse
17%
Silverdale
17%
St Andrews
17%
The Oaks
17%
Tregear
17%
Valley Heights
17%
Voyager Point
17%
Willmot
17%
Woodpark
17%
Bow Bowing
16%
Bringelly
16%
Cambridge Gardens
16%
Claymore
16%
Colyton
16%
Dean Park
16%
Grose Vale
16%
Harrington Park
16%
Huntingwood
16%
Kemps Creek
16%
Lethbridge Park
16%
Londonderry
16%
Lower Portland
16%
Mount Lewis
16%
Oxley Park
16%
Potts Hill
16%
Werrington Downs
16%
Wilton
16%
Winmalee
16%
Woodbine
16%
Banksmeadow
15%
Bankstown Aerodrome
15%
Bardia
15%
Busby
15%
Caddens
15%
Castlereagh
15%
Cattai
15%
Clemton Park
15%
Colebee
15%
Colo Heights
15%
Currans Hill
15%
Dharruk
15%
Douglas Park
15%
Eagle Vale
15%
Elderslie
15%
Emerton
15%
Eschol Park
15%
Glen Alpine
15%
Grose Wold
15%
Hammondville
15%
Hinchinbrook
15%
Horningsea Park
15%
Lower Macdonald
15%
Maianbar
15%
McGraths Hill
15%
Menangle Park
15%
Mount Tomah
15%
Smeaton Grange
15%
Spring Farm
15%
St Helens Park
15%
St Johns Park
15%
Sun Valley
15%
Woodcroft
15%
Blair Athol
14%
Carnes Hill
14%
Cataract
14%
Claremont Meadows
14%
Fiddletown
14%
Hobartville
14%
Kurmond
14%
Lansdowne
14%
Prairiewood
14%
Wakeley
14%
Blackett
13%
Blairmount
13%
Bradbury
13%
Cartwright
13%
Cecil Park
13%
Forest Glen
13%
Gledswood Hills
13%
Greendale
13%
Greenfield Park
13%
Hartley Vale
13%
Hebersham
13%
Heckenberg
13%
Kentlyn
13%
Megalong Valley
13%
Middleton Grange
13%
Nattai
13%
Newnes
13%
Oakdale
13%
Pheasants Nest
13%
Pitt Town Bottoms
13%
Rossmore
13%
Sackville North
13%
Sadleir
13%
Shanes Park
13%
Spencer
13%
Tarana
13%
Upper Macdonald
13%
Agnes Banks
12%
Balmoral
12%
Berrilee
12%
Bligh Park
12%
Catherine Field
12%
Freemans Reach
12%
Kirkham
12%
Minto Heights
12%
Windsor Downs
12%
Yarramundi
12%
Yerranderie
12%
Central Colo
11%
Cottage Point
11%
Dangar Island
11%
East Kurrajong
11%
Gables
11%
Mount Irvine
11%
Oakville
11%
Orangeville
11%
The Devils Wilderness
11%
Upper Colo
11%
Varroville
11%
Wedderburn
11%
Yellow Rock
11%
Angus
10%
Buxton
10%
Englorie Park
10%
Glossodia
10%
Grantham Farm
10%
Kanangra
10%
Leets Vale
10%
Len Waters Estate
10%
Long Point
10%
Mount Vernon
10%
Richmond Lowlands
10%
Singletons Mill
10%
Werombi
10%
Yanderra
10%
Avon
9%
Berkshire Park
9%
Bowen Mountain
9%
Canoelands
9%
Clarence
9%
Cornwallis
9%
Cullen Bullen
9%
Gilead
9%
Hawkesbury Heights
9%
Kurrajong Hills
9%
Maldon
9%
Maraylya
9%
Melonba
9%
Nelson
9%
Nirimba Fields
9%
Scheyville
9%
Theresa Park
9%
Bar Point
8%
Ben Bullen
8%
Blaxlands Ridge
8%
Bowenfels
8%
Cawdor
8%
Central Macdonald
8%
Dargan
8%
Gunderman
8%
Laughtondale
8%
Mayfield
8%
Mellong
8%
Mountain Lagoon
8%
Mount Hunter
8%
Mount Lambie
8%
Mount Olive
8%
Newnes Plateau
8%
Richards
8%
Brownlow Hill
7%
Couridjah
7%
Fernances
7%
Hampton
7%
Littleton
7%
Mowbray Park
7%
Razorback
7%
Vale Of Clwydd
7%
Webbs Creek
7%
Belimbla Park
6%
Blackmans Flat
6%
Black Springs
6%
Cumberland Reach
6%
Duckmaloi
6%
Edith
6%
Ellis Lane
6%
Elvina Bay
6%
Grasmere
6%
Hazelgrove
6%
Higher Macdonald
6%
Jaunter
6%
Kanimbla
6%
Lidsdale
6%
Lowther
6%
Milsons Passage
6%
Mount Werong
6%
Mozart
6%
Norway
6%
Oakey Park
6%
Perrys Crossing
6%
Porters Retreat
6%
Sodwalls
6%
South Bowenfels
6%
The Meadows
6%
The Slopes
6%
Wheeny Creek
6%
Wolgan Valley
6%
Berambing
5%
Chatham Valley
5%
Coasters Retreat
5%
Doctors Gap
5%
Essington
5%
Great Mackerel Beach
5%
Hermitage Flat
5%
Lovett Bay
5%
Marrangaroo
5%
Mogo Creek
5%
Morning Bay
5%
Pottery Estate
5%
Shooters Hill
5%
State Mine Gully
5%
Cogra Bay
4%
Corney Town
4%
Gingkin
4%
Good Forest
4%
Lakesland
4%
McKellars Park
4%
Morts Estate
4%
South Littleton
4%
Wrights Creek
4%
Cheero Point
3%
Gurnang
3%
Hassans Walls
3%
Marlow
3%
Sheedys Gully
3%
Wollangambe
3%
Womerah
3%
Cobar Park
2%
Ganbenang
2%
No matching quizzes found
Score Distribution
Percent of People with Each Score
Percentile by Number Answered
Your Score History
You have not taken this quiz